000 00463nam a2200181Ia 4500
008 100920s9999 xx 000 0 und d
082 _b70422
_a--- 0
100 _aबापट मुकुंद.
245 _aसंकेत.
260 _b---
_c0
300 _a168
_bसाधी
365 _b110
520 _aकादंबरी.
630 _aसंकेत.
650 _aकादंबरी.
730 _aसंकेत.
942 _cBOOK
999 _c712437
_d712434